000 01720cam a2200373 a 4500
001 EDZ0000082862
003 StDuBDS
005 20161031105140.0
006 m||||||||d||||||||
007 cr |||||||||||
008 120427s2010 caua fo| 001|0|eng|d
020 _a9781446221570 (ebook) :
_cNo price
040 _aStDuBDS
_beng
_cStDuBDS
_epn
049 _aAlfaisal Main Library
050 0 _aR853.S7
_bM37 2010
082 0 4 _a610.727
_223
100 1 _aMarston, Louise,
_d1975-
245 1 0 _aIntroductory statistics for health and nursing using SPSS
_h[electronic resource] /
_cLouise Marston.
260 _aLos Angeles, [Calif.] ;
_aLondon :
_bSAGE,
_c2010.
300 _a1 online resource (251 p.) :
_bill.
520 8 _a'Introductory Statistics for Health & Nursing using SPSS' is an impressive introductory statistics text ideal for all health science & nursing students. Health & nursing students can be anxious & lacking in confidence when it comes to handling statistics. This book has been developed with this readership in mind.
521 _aSpecialized.
588 _aDescription based on print version record.
504 _aIncludes bibliographical references and index.
650 0 _aMedical statistics.
650 0 _aNursing
_xStatistical methods.
630 0 0 _aSPSS (Computer file)
655 7 _aElectronic books.
_2local
710 2 _aSage eBooks
776 0 8 _iPrint version :
_z9781847874832
856 4 0 _3SAGE research methods
_uhttp://methods.sagepub.com/book/introductory-statistics-for-health-and-nursing-using-spss
856 4 0 _uhttp://ezproxy.alfaisal.edu/login?url=http://sk.sagepub.com/books/introductory-statistics-for-health-and-nursing-using-spss
942 _2lcc
_cEBOOKS
999 _c480374
_d480374